000 00428nam a22001697a 4500
005 20260413155000.0
008 160613b xxu||||| |||| 00| 0 eng d
020 _a978-0-671-72365
041 _aeng
082 _a158.2
100 _aCarnegie, Dale
_91738
245 _aHow to win friends and influence people
260 _aNew York
_bPocket Books
_c1964
300 _a266
650 _aApplied psychology
_98941
942 _cBK
999 _c2448
_d2447